000 01226nam a2200253Ia 4500
003 OSt
005 20200724183657.0
008 191128s2013 cl ad gr 000 0 spa d
020 _a9789568853112
040 _aCO-JMCR
_cCO-JMCR
041 0 _aspa
082 0 4 _a331.252 /
_bF293a
_223
111 _aSeminario
_cColombia
_97801
245 1 3 _aEl ahorro individual :
_bmejores pensiones y más desarrollo económico /
_cSeminario
250 _aPrimera edición
260 _aChile :
_bFederación de administradores de fondos de pensiones,
_c2013.
300 _a378 páginas :
_b gráficos ;
_c23 cm.
505 0 _aLecciones de la recesión internacional para el manejo del riesgo y la intervención de portafolio -- Eficiencia en el diseño y organización de los sistemas capitalización individual -- Las reformas pensionales en américa latina
520 0 _aLa ferderación internacional de administradoras de fondos de pensiones, FIAP, fue creada en mayo del año 1996. La personeria jurídica de esta organización internacional fue otorgada en la ciudad de Montevideo.
650 1 4 _aReformas pesnionales
_97802
650 2 4 _aDesarrollo económico
_97803
650 2 4 _aCobertura pensiones
_97804
942 _2ddc
_cBK
999 _c6330
_d6330